000 00632nam a2200229Ia 4500
003 OSt
005 20220928124615.0
006 a|||||r|||| 00| 0
007 ta
008 220927b |||||||| |||| 00| 0 eng d
024 _a37738
037 _cTextual
040 _aSDCL
_cSDCL
_beng
041 _2eng
_aeng
082 _aX9(M7).41'N7, L7
100 _aChao Kang
_9466447
245 0 _aDevelopment of cotton textile production of China
260 _aCambridge
_bHarvard University Press
_c1977
300 _axvi,402p
_ccm.
942 _hX9(M7).41'N7, L7
_cTEXL
_2CC
999 _c779299
_d779299